<?xml version="1.0" encoding="UTF-8"?>
<record
    xmlns:xsi="http://www.w3.org/2001/XMLSchema-instance"
    xsi:schemaLocation="http://www.loc.gov/MARC21/slim http://www.loc.gov/standards/marcxml/schema/MARC21slim.xsd"
    xmlns="http://www.loc.gov/MARC21/slim">

  <leader>02305cam a2200433 i 4500</leader>
  <controlfield tag="001">0008063564</controlfield>
  <controlfield tag="003">OSt</controlfield>
  <controlfield tag="005">20260528202400.0</controlfield>
  <controlfield tag="008">251003s2026    quc           000 f fre  </controlfield>
  <datafield tag="020" ind1=" " ind2=" ">
    <subfield code="a">9782898601910</subfield>
  </datafield>
  <datafield tag="020" ind1=" " ind2=" ">
    <subfield code="a">2898601918</subfield>
  </datafield>
  <datafield tag="040" ind1=" " ind2=" ">
    <subfield code="a">QMBN</subfield>
    <subfield code="b">fre</subfield>
    <subfield code="e">rda</subfield>
    <subfield code="c">QMBN</subfield>
    <subfield code="d">QMBND</subfield>
  </datafield>
  <datafield tag="050" ind1=" " ind2="4">
    <subfield code="a">PS9635*</subfield>
  </datafield>
  <datafield tag="082" ind1="0" ind2="4">
    <subfield code="a">C843/.6</subfield>
    <subfield code="b">L111p</subfield>
    <subfield code="2">23/fre/202603</subfield>
    <subfield code="m">b</subfield>
  </datafield>
  <datafield tag="082" ind1="0" ind2="4">
    <subfield code="a">843/.92</subfield>
    <subfield code="b">L111p</subfield>
    <subfield code="2">23/fre/202603</subfield>
  </datafield>
  <datafield tag="082" ind1="0" ind2="4">
    <subfield code="a">C843/.92</subfield>
    <subfield code="b">L111p</subfield>
    <subfield code="2">23/fre/202603</subfield>
    <subfield code="m">b</subfield>
  </datafield>
  <datafield tag="084" ind1=" " ind2=" ">
    <subfield code="a">L 1115plb</subfield>
    <subfield code="b">L111p</subfield>
    <subfield code="2">z</subfield>
  </datafield>
  <datafield tag="091" ind1="0" ind2=" ">
    <subfield code="a">L.</subfield>
  </datafield>
  <datafield tag="100" ind1="1" ind2=" ">
    <subfield code="a">L., Sara Agn&#xE8;s</subfield>
    <subfield code="d">1975-</subfield>
    <subfield code="e">auteur</subfield>
  </datafield>
  <datafield tag="245" ind1="1" ind2="0">
    <subfield code="a">Plan B /</subfield>
    <subfield code="c">Sara Agn&#xE8;s L.</subfield>
  </datafield>
  <datafield tag="264" ind1=" " ind2="1">
    <subfield code="a">[Blainville, Qu&#xEF;&#xBF;&#xBD;bec] :</subfield>
    <subfield code="b">A &#xEF;&#xBF;&#xBD;diteur,</subfield>
    <subfield code="c">[2026]</subfield>
  </datafield>
  <datafield tag="300" ind1=" " ind2=" ">
    <subfield code="a">377 pages ;</subfield>
    <subfield code="c">23 cm</subfield>
  </datafield>
  <datafield tag="336" ind1=" " ind2=" ">
    <subfield code="a">texte</subfield>
    <subfield code="b">txt</subfield>
    <subfield code="2">rdacontent</subfield>
  </datafield>
  <datafield tag="337" ind1=" " ind2=" ">
    <subfield code="a">sans m&#xEF;&#xBF;&#xBD;diation</subfield>
    <subfield code="b">n</subfield>
    <subfield code="2">rdamedia</subfield>
  </datafield>
  <datafield tag="338" ind1=" " ind2=" ">
    <subfield code="a">volume</subfield>
    <subfield code="b">nc</subfield>
    <subfield code="2">rdacarrier</subfield>
  </datafield>
  <datafield tag="500" ind1=" " ind2=" ">
    <subfield code="a">''Ce roman comporte des sc&#xEF;&#xBF;&#xBD;nes explicites destin&#xEF;&#xBF;&#xBD;es &#xEF;&#xBF;&#xBD; un lectorat averti''--Page de titre</subfield>
  </datafield>
  <datafield tag="520" ind1=" " ind2=" ">
    <subfield code="a">Pr&#xEA;te &#xE0; tout pour r&#xE9;ussir en danse, Cl&#xE9;a Pelletier quitte Montr&#xE9;al et mise ses derni&#xE8;res &#xE9;conomies sur une audition &#xE0; New York. C&#x2019;est Broadway ou rien. M&#xEA;me quand elle n&#x2019;obtient qu&#x2019;un r&#xF4;le de rempla&#xE7;ante, elle refuse de rentrer la t&#xEA;te basse : reculer n&#x2019;est pas une option. C&#x2019;est alors que Bastian Perez, un chor&#xE9;graphe aussi brillant qu&#x2019;insupportable, la relance. Pas pour lui offrir la sc&#xE8;ne dont elle r&#xEA;ve&#x2026; mais pour lui proposer un march&#xE9; d&#xE9;rangeant. Entre ambition, orgueil et survie, Cl&#xE9;a devra d&#xE9;cider si elle est pr&#xEA;te &#xE0; marchander son corps dans l&#x2019;espoir de r&#xE9;aliser son r&#xEA;ve.

</subfield>
  </datafield>
  <datafield tag="650" ind1=" " ind2="6">
    <subfield code="a">Danseuses</subfield>
    <subfield code="v">Romans, nouvelles, etc.</subfield>
  </datafield>
  <datafield tag="650" ind1=" " ind2="6">
    <subfield code="a">Qu&#xEF;&#xBF;&#xBD;b&#xEF;&#xBF;&#xBD;cois</subfield>
    <subfield code="z">&#xEF;&#xBF;&#xBD;tats-Unis</subfield>
    <subfield code="v">Romans, nouvelles, etc.</subfield>
  </datafield>
  <datafield tag="650" ind1=" " ind2="6">
    <subfield code="a">Chor&#xEF;&#xBF;&#xBD;graphes</subfield>
    <subfield code="v">Romans, nouvelles, etc.</subfield>
  </datafield>
  <datafield tag="650" ind1=" " ind2="6">
    <subfield code="a">Ambition</subfield>
    <subfield code="v">Romans, nouvelles, etc.</subfield>
  </datafield>
  <datafield tag="650" ind1=" " ind2="6">
    <subfield code="a">Orgueil</subfield>
    <subfield code="v">Romans, nouvelles, etc.</subfield>
  </datafield>
  <datafield tag="651" ind1=" " ind2="6">
    <subfield code="a">New York (N.Y.)</subfield>
    <subfield code="v">Romans, nouvelles, etc.</subfield>
  </datafield>
  <datafield tag="655" ind1=" " ind2="7">
    <subfield code="a">Romans qu&#xEF;&#xBF;&#xBD;b&#xEF;&#xBF;&#xBD;cois</subfield>
    <subfield code="y">21e si&#xEF;&#xBF;&#xBD;cle</subfield>
    <subfield code="2">local</subfield>
  </datafield>
  <datafield tag="655" ind1=" " ind2="7">
    <subfield code="a">Romans &#xEF;&#xBF;&#xBD;rotiques</subfield>
    <subfield code="2">rvmgf</subfield>
  </datafield>
  <datafield tag="942" ind1=" " ind2=" ">
    <subfield code="2">ddc</subfield>
    <subfield code="c">ROM ADULTE</subfield>
  </datafield>
  <datafield tag="999" ind1=" " ind2=" ">
    <subfield code="c">18861</subfield>
    <subfield code="d">18861</subfield>
  </datafield>
  <datafield tag="952" ind1=" " ind2=" ">
    <subfield code="0">0</subfield>
    <subfield code="1">0</subfield>
    <subfield code="2">ddc</subfield>
    <subfield code="4">0</subfield>
    <subfield code="7">0</subfield>
    <subfield code="a">HENRYVILLE</subfield>
    <subfield code="b">HENRYVILLE</subfield>
    <subfield code="d">2026-05-28</subfield>
    <subfield code="l">0</subfield>
    <subfield code="o">L 1115plb</subfield>
    <subfield code="p">30001030026746</subfield>
    <subfield code="r">2026-05-28 20:24:41</subfield>
    <subfield code="w">2026-05-28</subfield>
    <subfield code="y">ROM ADULTE</subfield>
  </datafield>
</record>
